000 00642nam a2200217Ia 4500
999 _c41228
_d41228
001 7880
003 GE_BSU
005 20220928124230.0
008 181216s2012fe xx |||||||||||||| ||fre||
020 _a9782266156288
040 _cGE_BSU
041 _afre
080 _a821.133.1 D-25
100 _aDaudet,Alphonse
_914879
245 _aLettres de mon moulin /
_cAlphonse Daudet
264 _aParis :
_bPoket,
_c2012.
300 _a227 p. :
_b Ill;
_c18 cm.
653 _aLettres de mon moulin
653 _aფრანგული ლიტერატურის ისტორია და კრიტიკა.
942 _cBK
_2udc